LIBRARY ONLINE CATALOGUE

Mbinu za mawasiliano kwa kiswahili / (Record no. 12118)

MARC details
000 -LEADER
fixed length control field 00691nam a22002172 4500
001 - CONTROL NUMBER
control field 0000019966
005 - DATE AND TIME OF LATEST TRANSACTION
control field 20151217155227.0
008 - FIXED-LENGTH DATA ELEMENTS--GENERAL INFORMATION
fixed length control field 110405s xx 000 0 eng d
010 ## - LIBRARY OF CONGRESS CONTROL NUMBER
LC control number 9966854231
040 ## - CATALOGING SOURCE
Original cataloging agency KABU
Transcribing agency KABU
100 1# - MAIN ENTRY--PERSONAL NAME
Personal name Ogechi, Nathan Onyori.
-- 0000179984
245 10 - TITLE STATEMENT
Title Mbinu za mawasiliano kwa kiswahili /
Statement of responsibility, etc. Nathan Oyori Ogechi.
250 ## - EDITION STATEMENT
Edition statement 1st ed.
260 ## - PUBLICATION, DISTRIBUTION, ETC. (IMPRINT)
Place of publication, distribution, etc. Moi university, Eldoret :
Name of publisher, distributor, etc. Moi university press,
Date of publication, distribution, etc. 2002.
300 ## - PHYSICAL DESCRIPTION
Extent 126 p.
650 #0 - SUBJECT ADDED ENTRY--TOPICAL TERM
Topical term or geographic name as entry element Swahili language
General subdivision Study and teaching.
-- 0000179985
650 #0 - SUBJECT ADDED ENTRY--TOPICAL TERM
Topical term or geographic name as entry element Swahili language
General subdivision Rhetoric.
-- 0000179986
852 1# - LOCATION
-- p275 KES
908 ## - PUT COMMAND PARAMETER (RLIN)
Put command parameter 110405
950 ## - LOCAL HOLDINGS (RLIN)
-- 1
Holdings
Withdrawn status Lost status Source of classification or shelving scheme Not for loan Home library Current library Date acquired Total Checkouts Full call number Barcode Date last seen Date last checked out Price effective from Koha item type Shelving location Cost, normal purchase price Inventory number Copy number
    Library of Congress Classification   Kabarak, Main Campus Kabarak, Main Campus 17/12/2015 7 PL8701 .O34 2002 c.1 21899 27/11/2018 15/11/2018 17/12/2015 General Collection        
    Library of Congress Classification   Kabarak, Main Campus Kabarak, Main Campus 05/10/2017   PL8701 .O34 2002 c.2 027714 05/10/2017   05/10/2017 General Collection General Stacks 1.00 2017/0343 c.2
    Library of Congress Classification   Kabarak, Main Campus Kabarak, Main Campus 05/10/2017 1 PL8701 .O34 2002 c.3 027715 09/09/2024 09/09/2024 05/10/2017 General Collection General Stacks 1.00 2017/0342 c.3